Time to concentrate on small transport issues (Record no. 118153)

MARC details
000 -LEADER
fixed length control field 01159cam a2200217 4500
001 - CONTROL NUMBER
control field WB@3612-854
008 - FIXED-LENGTH DATA ELEMENTS--GENERAL INFORMATION
fixed length control field 041013n2004 000 0 eng u
035 ## - SYSTEM CONTROL NUMBER
System control number (Sirsi) u127691
245 ## - TITLE STATEMENT
Title Time to concentrate on small transport issues
260 ## - PUBLICATION, DISTRIBUTION, ETC.
Date of publication, distribution, etc. 2004
490 ## - SERIES STATEMENT
Series statement CPRE Press Release
Volume/sequential designation (57/04) 5 October 2004 (3)
520 ## - SUMMARY, ETC.
Summary, etc. "Valuing the small: counting the benefits" has been published by an alliance of environmental groups. It highlights the issues that are in the way of delivering better transport at the local level. It claims that measures like safe routes to school, 20mph zones and traffic calming are all hampered and sidelined by investment in big infrastructure schemes. Big schemes tend to dominate as more work is undertaken prior to approving them and they tend to look more impressive than smaller schemes, and often the results are instant. http://www.cpre.org.uk/news-releases/news-rel-2004 /57-04.htm
590 ## - LOCAL NOTE (RLIN)
Local note WB
590 ## - LOCAL NOTE (RLIN)
Local note WB
650 ## - SUBJECT ADDED ENTRY--TOPICAL TERM
Topical term or geographic name entry element TRANSPORT INFRASTRUCTURE
650 ## - SUBJECT ADDED ENTRY--TOPICAL TERM
Topical term or geographic name entry element TRANSPORT ISSUES
650 ## - SUBJECT ADDED ENTRY--TOPICAL TERM
Topical term or geographic name entry element TRAFFIC CALMING
650 ## - SUBJECT ADDED ENTRY--TOPICAL TERM
Topical term or geographic name entry element SPEED LIMITS
690 ## - LOCAL SUBJECT ADDED ENTRY--TOPICAL TERM (OCLC, RLIN)
Topical term or geographic name as entry element TRANSPORT AND COMMUNICATIONS
942 ## - ADDED ENTRY ELEMENTS (KOHA)
Suppress in OPAC 0
Holdings
Withdrawn status Lost status Source of classification or shelving scheme Damaged status Not for loan Home library Current library Shelving location Date acquired Total Checkouts Full call number Barcode Date last seen Copy number Price effective from Koha item type
    Dewey Decimal Classification     London London News article 13/10/2004   WB4039-13 127691-1001 06/08/2019 1 06/08/2019 News article